000 00562nam a2200205 i 4500
001 147038
003 ES-MaACL
005 20230906201758.0
007 t|
008 070920s1958 sp ||||1| spa d
100 1 _aDarkness, R. J.
_942731
245 1 0 _aManual del radioarmador /
_cR.J. de Darkness (seud.).
250 _a1ª ed.
260 _aBarcelona :
_bBruguera,
_c[1958]
300 _a207 p. :
_bil. ;
_c19 cm.
490 1 _aTécnica al día
830 0 _aTécnica al día
_9187437
852 _aES-MaACL
_jC-16306
_bR.44216
999 _c147038
_d147038